[Event "Cerrado II Goi Maila"]
[Site "Donostia"]
[Date "2013.09.19"]
[Round "1.1"]
[White "Argandona, Riveiro Inigo"]
[Black "Gonzalez, De La Torre Santiago"]
[Result "1/2-1/2"]
[WhiteElo "2375"]
[BlackElo "2447"]

1.e4 c5 2.c3 d5 3.exd5 Qxd5 4.d4 Nf6 5.Nf3 Bg4 6.Be2 e6 7.O-O Nc6 8.Be3 
cxd4 9.cxd4 Be7 10.Nc3 Qd6 11.Nb5 Qd8 12.Ne5 Bxe2 13.Qxe2 Nb4 14.d5 Nbxd5 
15.Bxa7 O-O 16.Bd4 Ra5 17.g3 Nb4 18.a3 Qd5 19.axb4 Qxb5 20.Qxb5 Rxb5 21.
Nd3 Rd8 22.Bc5 Kf8 23.Ra3 b6 24.Bxe7+ Kxe7 25.Rc1 Rd7 26.f4 Rbd5 27.Ne5 
Rd1+ 28.Rxd1 Rxd1+ 29.Kg2 Nd7 30.Ra6 Nxe5 31.fxe5 g5 32.Kf3 Re1 33.Rxb6 
Rxe5 34.g4 Re1 35.Rc6 Rb1 36.Rc2 Rf1+ 37.Kg3 Rf4 38.h4 h6 39.Rc7+ Kf6 40.
Rb7 Rf1 41.Kg2 Rb1 42.h5 Rxb2+ 43.Kf3 Rb3+ 44.Kf2 Ke5 45.Rxf7 Rxb4 46.Kg3 
Rc4 47.Rf1 Rc3+ 48.Kg2 Rc8 49.Kg3 Re8 50.Re1+ Kf6 51.Rf1+ Ke7 52.Ra1 Rd8 
53.Ra7+ Rd7 54.Ra8 Rd3+ 55.Kf2 e5 56.Rh8 Rd5 57.Rh7+ Kf8 1/2-1/2

[Event "Cerrado II Goi Maila"]
[Site "Donostia"]
[Date "2013.09.19"]
[Round "1.2"]
[White "Ringoir, Tanguy"]
[Black "Etchegaray, Patrice"]
[Result "1/2-1/2"]
[WhiteElo "2490"]
[BlackElo "2396"]

1.d4 Nf6 2.c4 c5 3.d5 e6 4.Nc3 exd5 5.cxd5 d6 6.e4 g6 7.Bd3 Bg7 8.h3 O-O 
9.Nf3 b5 10.Nxb5 Re8 11.O-O Nxe4 12.Re1 a6 13.Nc3 Nxc3 14.bxc3 Nd7 15.Bg5 
f6 16.Rxe8+ Qxe8 17.Bf4 Ne5 18.Bxe5 fxe5 19.Be4 Rb8 20.Nd2 Bd7 21.a4 Bh6 
22.Nc4 Qe7 23.Qd3 Bf8 24.Na5 Rb6 25.Nc4 Rb8 26.Na5 Rb6 27.Nc6 Qf6 28.Qe3 
Rb2 29.Rb1 Rxb1+ 30.Bxb1 Qh4 31.Be4 1/2-1/2

[Event "Cerrado II Goi Maila"]
[Site "Donostia"]
[Date "2013.09.19"]
[Round "1.3"]
[White "Aabling-Thomsen, Jakob"]
[Black "Franco, Alonso Alejandro"]
[Result "0-1"]
[WhiteElo "2380"]
[BlackElo "2487"]

1.e4 c6 2.Nc3 d5 3.Nf3 Nf6 4.e5 Ne4 5.Be2 Nxc3 6.dxc3 Bg4 7.h3 Bxf3 8.Bxf3
e6 9.Bf4 Nd7 10.Qe2 Be7 11.O-O-O b5 12.g3 Qa5 13.Kb1 Nb6 14.h4 Nc4 15.Qe1 
Rb8 16.Be2 Rb6 17.Bg5 h6 18.Bxe7 Kxe7 19.Ka1 Ra6 20.Bxc4 bxc4 21.a3 Rb8 
22.Ka2 0-1

[Event "Cerrado II Goi Maila"]
[Site "Donostia"]
[Date "2013.09.19"]
[Round "1.5"]
[White "Andres, Gonzalez Alberto"]
[Black "Strikovic, Aleksa"]
[Result "1-0"]
[WhiteElo "2531"]
[BlackElo "2537"]

1.d4 Nf6 2.Nf3 g6 3.c4 Bg7 4.g3 c6 5.Bg2 O-O 6.O-O d5 7.Qb3 dxc4 8.Qxc4 
Be6 9.Qa4 Qc8 10.Rd1 Bh3 11.Bh1 h6 12.Nc3 Nbd7 13.Bf4 Nb6 14.Qc2 Nfd5 15.
Bd2 Nc4 16.Be1 Nxc3 17.Bxc3 Qe6 18.e4 Nd6 19.Ne1 Nb5 20.Nd3 Nxc3 21.bxc3 
g5 22.Qd2 f5 23.Nc5 Qc8 24.exf5 Bxf5 25.Re1 b6 26.Nd3 Qc7 27.Nb4 Rf6 28.
Nd5 Qd6 29.Nxf6+ Bxf6 30.Qe2 Rc8 31.Be4 Bd7 32.Rad1 Kg7 33.Bc2 Rh8 34.c4 
h5 35.c5 Qc7 36.Rd3 Bg4 37.Qe4 Rh6 38.Rc3 b5 39.Bd1 Bd7 40.Rf3 Bh3 41.Bb3 
Bg4 42.Rd3 Bd7 43.d5 Qa5 44.Rde3 Qc7 45.Qd3 cxd5 1-0

[Event "Cerrado II Goi Maila"]
[Site "Donostia"]
[Date "2013.09.20"]
[Round "2.1"]
[White "Gonzalez, De La Torre Santiago"]
[Black "Strikovic, Aleksa"]
[Result "1/2-1/2"]
[WhiteElo "2447"]
[BlackElo "2537"]

1.e4 d6 2.d4 Nf6 3.Nc3 e5 4.Nf3 Nbd7 5.Bc4 exd4 6.Nxd4 Nb6 7.Be2 g6 8.O-O 
c6 9.a4 a5 10.f4 Bg7 11.Bf3 O-O 12.b3 Re8 13.Kh1 d5 14.e5 Nfd7 15.Nce2 Nc5
16.Be3 Nbd7 17.Ng3 f6 18.exf6 Qxf6 19.Bg1 Qf8 20.f5 Nf6 21.c3 Qd6 22.fxg6 
hxg6 23.Qc2 Ng4 24.Nb5 cxb5 25.Bxc5 Qxc5 26.Qxg6 Qc6 27.Bxd5+ Qxd5 28.
Qxe8+ Kh7 29.Rae1 Nf6 30.Qxb5 Qxb5 31.axb5 a4 32.bxa4 Rxa4 33.Re7 Nd5 34.
Re4 Nxc3 35.Rxa4 Nxa4 36.Ne4 b6 37.Rc1 Bf5 38.Nd6 Be6 39.Re1 Bd5 40.Re7 
Kg6 41.Nc8 Bf8 42.Ra7 Bb3 43.h4 Bc5 44.Rc7 Bf2 1/2-1/2

[Event "Cerrado II Goi Maila"]
[Site "Donostia"]
[Date "2013.09.20"]
[Round "2.2"]
[White "Hoffman, Alejandro"]
[Black "Andres, Gonzalez Alberto"]
[Result "1/2-1/2"]
[WhiteElo "2452"]
[BlackElo "2531"]

1.d4 Nf6 2.c4 e6 3.g3 Bb4+ 4.Bd2 a5 5.Bg2 d6 6.e3 O-O 7.Ne2 e5 8.Nbc3 Re8 
9.h3 exd4 10.Nxd4 Nbd7 11.O-O Nc5 12.Qc2 Ne6 13.Nde2 Nc5 14.Rad1 Be6 15.
Nd5 Bxd2 16.Rxd2 Bd7 17.Rfd1 Nxd5 18.Rxd5 Qc8 19.Nc3 h6 20.h4 Bc6 21.R5d4 
Qe6 22.Nd5 Qd7 23.b3 Qd8 24.Qc3 Re5 25.a3 Nd7 26.R4d2 Re8 27.b4 axb4 28.
axb4 Ra7 29.c5 Bxd5 30.Rxd5 Nf6 31.R5d4 Qe7 32.cxd6 cxd6 33.Rxd6 Ne4 34.
Bxe4 Qxe4 35.Qd4 Ra6 36.Qxe4 Rxe4 37.Rd8+ Kh7 38.R8d7 Rxb4 39.Rxf7 Rg6 40.
Rdd7 b5 41.Rb7 Rxh4 42.Rxb5 Re4 43.Kg2 Ree6 44.Rbb7 Re5 45.Rf4 Re8 46.Rd7 
Kg8 47.e4 Rge6 48.Rff7 Rg6 49.f3 Ra8 50.Rf5 Ra2+ 51.Kh3 Rb2 52.g4 Rb3 53.
Rd8+ Kh7 54.Kg3 Re6 55.Rd7 Rg6 56.Kf4 Kg8 57.Rd8+ Kh7 58.Rd4 Rc6 59.e5 
Rcc3 60.Kg3 Rc7 61.e6 Re7 62.Re4 Kg6 63.Rd5 Kf6 64.Rd6 g5 65.Re1 Rb8 66.
Rd7 Rbe8 67.f4 gxf4+ 68.Kxf4 Rxe6 1/2-1/2

[Event "Cerrado II Goi Maila"]
[Site "Donostia"]
[Date "2013.09.20"]
[Round "2.3"]
[White "Franco, Alonso Alejandro"]
[Black "Paunovic, Dragan"]
[Result "1-0"]
[WhiteElo "2487"]
[BlackElo "2494"]

1.d4 d6 2.Nf3 g6 3.c4 Nf6 4.Nc3 Nbd7 5.e4 e5 6.Be2 Bg7 7.Be3 O-O 8.d5 Ng4 
9.Bg5 f6 10.Bh4 Nh6 11.Nd2 Nf7 12.f3 Bh6 13.Bf2 f5 14.Qc2 Nf6 15.Bd3 fxe4 
16.Ndxe4 Nh5 17.O-O Nf4 18.Kh1 Bf5 19.Be3 Bg7 20.Qd2 Nxd3 21.Qxd3 b6 22.
Qd2 a5 23.b3 h6 24.a3 Qc8 25.Rac1 Qb7 26.h3 Kh7 27.Kh2 Nh8 28.b4 axb4 29.
axb4 Ra3 30.Nb5 Ra4 31.Ra1 Rfa8 32.Qb2 Bd7 33.Nbc3 R4a6 34.Rfb1 Nf7 35.
Rxa6 Qxa6 36.c5 Bf5 37.cxb6 cxb6 38.Qe2 Qxe2 39.Nxe2 Bxe4 40.fxe4 b5 41.
Nc3 Ra3 42.Bd2 Bf6 43.Nxb5 Ra2 44.Be3 Re2 45.Rb3 Kg7 46.Nc7 Nd8 47.Ne8+ 
Kf7 48.Nxd6+ Ke7 49.Nc4 Rc2 50.Bc5+ Kd7 51.Rf3 Rxc4 52.Rxf6 g5 53.Rxh6 
Rxe4 54.Rh7+ Kc8 55.Rg7 Re1 56.Bd6 1-0

[Event "Cerrado II Goi Maila"]
[Site "Donostia"]
[Date "2013.09.20"]
[Round "2.4"]
[White "Etchegaray, Patrice"]
[Black "Aabling-Thomsen, Jakob"]
[Result "0-1"]
[WhiteElo "2396"]
[BlackElo "2380"]

1.e4 d6 2.d4 Nf6 3.Nc3 g6 4.Nf3 Bg7 5.h3 O-O 6.Be3 a6 7.a4 Nc6 8.d5 Nb8 9.
Bc4 c6 10.O-O cxd5 11.exd5 Nbd7 12.Re1 Qc7 13.Bb3 b6 14.Qd2 Re8 15.Bh6 Bh8
16.Re2 Nc5 17.Rae1 Nxb3 18.cxb3 Bb7 19.Qg5 Qd7 20.Nd4 Rac8 21.Nc2 Rc5 22.
Nb4 e5 23.dxe6 Rxe6 24.Qd2 a5 25.Nd3 Rc8 26.Nf4 Rxe2 27.Rxe2 d5 28.Nb5 Ba6
29.Bg5 Bxb5 30.axb5 d4 31.Re5 Bg7 32.Qe2 h6 33.Bxf6 Bxf6 34.Rd5 Qc7 35.Nd3
Kg7 36.g3 Qc2 37.Qf3 Qc7 38.h4 Qb7 39.Nf4 Qe7 40.Kg2 h5 41.Nd3 Rc2 42.g4 
hxg4 43.Qxg4 Rd2 44.Nf4 Qe4+ 45.Qf3 Qxf3+ 46.Kxf3 Bxh4 47.Rd6 Rxf2+ 48.Kg4
g5 49.Nh5+ Kf8 50.Rxb6 f5+ 51.Kh3 Rf3+ 52.Kg2 g4 53.Rd6 Rxb3 54.b6 Rxb2+ 
55.Kg1 Ke7 56.Rd5 Rb1+ 57.Kg2 Rb2+ 58.Kg1 Bg5 59.Rxf5 Be3+ 60.Kf1 a4 61.
Ra5 Rxb6 62.Rxa4 Rb2 63.Ng3 Ke6 64.Ne2 Ke5 65.Ra8 Ke4 66.Rg8 Kd3 67.Nxd4 
Rf2+ 68.Ke1 Rg2 0-1

[Event "Cerrado II Goi Maila"]
[Site "Donostia"]
[Date "2013.09.20"]
[Round "2.5"]
[White "Argandona, Riveiro Inigo"]
[Black "Ringoir, Tanguy"]
[Result "1/2-1/2"]
[WhiteElo "2375"]
[BlackElo "2490"]

1.e4 e5 2.Nf3 Nc6 3.Bb5 a6 4.Bxc6 dxc6 5.O-O Qf6 6.d4 exd4 7.Bg5 Qd6 8.
Nxd4 Bd7 9.Nc3 Be7 10.Bxe7 Nxe7 11.Nb3 Qxd1 12.Raxd1 b6 13.Rd2 O-O-O 14.
Rfd1 c5 15.Nd5 Nxd5 16.Rxd5 f5 1/2-1/2

[Event "Cerrado II Goi Maila"]
[Site "Donostia"]
[Date "2013.09.22"]
[Round "3.1"]
[White "Ringoir, Tanguy"]
[Black "Gonzalez, De La Torre Santiago"]
[Result "1-0"]
[WhiteElo "2490"]
[BlackElo "2447"]

1.d4 Nf6 2.c4 c5 3.d5 b5 4.cxb5 a6 5.bxa6 g6 6.Nc3 Bxa6 7.e4 Bxf1 8.Kxf1 
d6 9.Nf3 Bg7 10.g3 O-O 11.Kg2 Nbd7 12.a4 Ne8 13.h4 h6 14.Bf4 Nef6 15.Qe2 
Ng4 16.h5 Ndf6 17.Nd2 g5 18.f3 gxf4 19.gxf4 Rb8 20.Nc4 Nxd5 21.Nxd5 Nf6 
22.Nde3 d5 23.Ne5 dxe4 24.fxe4 Nxe4 25.Nf5 Bxe5 26.fxe5 Kh8 27.Qxe4 Rb4 
28.Qf3 Qd2+ 29.Kh3 Rf4 30.Qe3 Qxe3+ 31.Nxe3 Rf3+ 32.Kg4 Rxe3 33.a5 Rxe5 
34.Rhe1 Rg5+ 35.Kf4 e6 36.Re5 Ra8 37.Rxg5 hxg5+ 38.Kxg5 Kg7 39.h6+ Kh7 40.
a6 e5 41.Kf5 Kxh6 42.Kxe5 Kg5 43.Kd5 f5 44.Kxc5 f4 45.b4 f3 46.b5 Kf4 47.
b6 Rc8+ 48.Kd6 f2 49.Rf1 Ke3 50.b7 1-0

[Event "Cerrado II Goi Maila"]
[Site "Donostia"]
[Date "2013.09.22"]
[Round "3.2"]
[White "Aabling-Thomsen, Jakob"]
[Black "Argandona, Riveiro Inigo"]
[Result "0-1"]
[WhiteElo "2380"]
[BlackElo "2375"]

1.e4 d5 2.exd5 Qxd5 3.Nc3 Qa5 4.d4 Nf6 5.Bc4 c6 6.Bd2 Bf5 7.Nd5 Qd8 8.
Nxf6+ gxf6 9.c3 e6 10.Ne2 Bd6 11.Ng3 Bg6 12.Bh6 Nd7 13.Qf3 Rg8 14.O-O Qc7 
15.b4 O-O-O 16.a4 f5 17.b5 c5 18.a5 Kb8 19.b6 axb6 20.a6 cxd4 21.cxd4 Qc6 
22.Qe2 f4 23.axb7 fxg3 24.hxg3 Qxb7 25.Ba6 Qe4 26.Qa2 Qc2 27.Bf4 Bxf4 28.
Qa3 Be4 29.Bd3 Qxd3 30.Qa7+ Kc8 31.Rfc1+ Bxc1 32.Rxc1+ Qc2 33.Rxc2+ Bxc2 
34.Qa8+ Kc7 35.Qa7+ Kc6 36.Qa2 Be4 37.f3 Bd5 38.Qc2+ Kd6 39.Qxh7 Rxg3 40.
Qxf7 Rdg8 41.Qf4+ Kc6 0-1

[Event "Cerrado II Goi Maila"]
[Site "Donostia"]
[Date "2013.09.22"]
[Round "3.3"]
[White "Paunovic, Dragan"]
[Black "Etchegaray, Patrice"]
[Result "1/2-1/2"]
[WhiteElo "2494"]
[BlackElo "2396"]

1.Nf3 Nf6 2.g3 g6 3.Bg2 Bg7 4.c4 O-O 5.d4 d6 6.O-O Nc6 7.Nc3 a6 8.h3 Rb8 
9.e4 b5 10.cxb5 axb5 11.e5 Nd7 12.Ng5 dxe5 13.Bxc6 exd4 14.Nxb5 Rb6 15.Na7
Ra6 16.Nxc8 Rxc6 17.Na7 Rb6 18.Qa4 Nb8 19.Qc4 c6 20.Nf3 Ra6 21.Bf4 Rxa7 
22.Bxb8 Qxb8 23.Nxd4 Qxb2 24.Nxc6 Rc7 25.Rac1 Bf6 26.Rc2 Qa3 27.Qb3 Qxb3 
28.axb3 Rb8 29.b4 Rb6 30.Rfc1 Kg7 31.Kf1 Bg5 32.f4 Bf6 33.Ke2 e5 34.Kf3 
exf4 35.gxf4 h5 36.Rc4 Bb2 37.Rb1 Rcxc6 38.Rxc6 Rxc6 39.Rxb2 Kf6 40.b5 Rb6
41.Ke4 Ke6 42.Kd4 Kd6 43.Kc4 Kc7 44.Kd5 Rf6 45.b6+ Rxb6 46.Rxb6 Kxb6 47.
Kd6 f6 48.h4 g5 49.fxg5 fxg5 50.hxg5 h4 1/2-1/2

[Event "Cerrado II Goi Maila"]
[Site "Donostia"]
[Date "2013.09.22"]
[Round "3.4"]
[White "Andres, Gonzalez Alberto"]
[Black "Franco, Alonso Alejandro"]
[Result "1/2-1/2"]
[WhiteElo "2531"]
[BlackElo "2487"]

1.d4 d5 2.c4 e6 3.Nc3 Be7 4.Bf4 Nf6 5.e3 O-O 6.Nf3 Nbd7 7.cxd5 Nxd5 8.Nxd5
exd5 9.a3 c6 10.Bd3 Re8 11.O-O a5 12.Qc2 Nf8 13.h3 Ng6 14.Bg3 Bd6 15.Bxd6 
Qxd6 16.Qc3 Qf6 17.Kh2 Qd6+ 18.Kg1 Qf6 19.Kh2 Qd6+ 1/2-1/2

[Event "Cerrado II Goi Maila"]
[Site "Donostia"]
[Date "2013.09.22"]
[Round "3.5"]
[White "Strikovic, Aleksa"]
[Black "Hoffman, Alejandro"]
[Result "1/2-1/2"]
[WhiteElo "2537"]
[BlackElo "2452"]

1.c4 c5 2.Nf3 Nf6 3.g3 e6 4.Bg2 d5 5.O-O Nc6 6.cxd5 exd5 7.d4 Be7 8.Nc3 
O-O 9.Bg5 cxd4 10.Nxd4 h6 11.Be3 1/2-1/2

[Event "Cerrado II Goi Maila"]
[Site "Donostia"]
[Date "2013.09.22"]
[Round "4.1"]
[White "Gonzalez, De La Torre Santiago"]
[Black "Hoffman, Alejandro"]
[Result "1-0"]
[WhiteElo "2447"]
[BlackElo "2452"]

1.e4 c5 2.Nf3 d6 3.d4 cxd4 4.Nxd4 Nf6 5.Nc3 g6 6.Be3 Bg7 7.f3 O-O 8.Qd2 
Nc6 9.Bc4 Bd7 10.O-O-O Ne5 11.Bb3 Rc8 12.Kb1 a6 13.h4 h5 14.Bg5 Re8 15.Nd5
Nxd5 16.Bxd5 Nc4 17.Qd3 Bb5 18.Nxb5 axb5 19.e5 Nxe5 20.Qxb5 Qc7 21.Bb3 e6 
22.Qe2 Qc6 23.Be3 d5 24.Bd4 Nd7 25.g4 hxg4 26.fxg4 e5 27.Bc3 d4 28.Bb4 e4 
29.Rhf1 Ne5 30.Rxd4 Nf3 31.Rd6 Qc7 32.Rxg6 Qe5 33.c3 Rcd8 34.Rd6 Rxd6 35.
Bxd6 Qxd6 36.Rxf3 exf3 37.Qxe8+ Qf8 38.Bxf7+ 1-0

[Event "Cerrado II Goi Maila"]
[Site "Donostia"]
[Date "2013.09.22"]
[Round "4.2"]
[White "Franco, Alonso Alejandro"]
[Black "Strikovic, Aleksa"]
[Result "1/2-1/2"]
[WhiteElo "2487"]
[BlackElo "2537"]

1.d4 d6 2.Nf3 Nf6 3.c4 Bf5 4.Nc3 h6 5.d5 e5 6.dxe6 Bxe6 7.e4 Nc6 8.Be2 g6 
9.Nd4 Nxd4 10.Qxd4 Bg7 11.Be3 O-O 12.Qd2 Kh7 13.O-O Ng4 14.Bxg4 Bxg4 15.
Bd4 Be6 16.Bxg7 Kxg7 17.Nd5 Bxd5 18.cxd5 Re8 19.Rfe1 1/2-1/2

[Event "Cerrado II Goi Maila"]
[Site "Donostia"]
[Date "2013.09.22"]
[Round "4.3"]
[White "Etchegaray, Patrice"]
[Black "Andres, Gonzalez Alberto"]
[Result "1/2-1/2"]
[WhiteElo "2396"]
[BlackElo "2531"]

1.e4 c6 2.Nc3 d5 3.Nf3 Bg4 4.h3 Bxf3 5.Qxf3 e6 6.d4 Nf6 7.Bd3 dxe4 8.Nxe4 
Nxe4 9.Qxe4 Qd5 10.O-O Nd7 11.c3 Qxe4 1/2-1/2

[Event "Cerrado II Goi Maila"]
[Site "Donostia"]
[Date "2013.09.22"]
[Round "4.4"]
[White "Argandona, Riveiro Inigo"]
[Black "Paunovic, Dragan"]
[Result "1/2-1/2"]
[WhiteElo "2375"]
[BlackElo "2494"]

1.Nf3 Nf6 2.c4 g6 3.Nc3 Bg7 4.e4 d6 5.d4 O-O 6.Be3 c6 7.Be2 a6 8.Nd2 b5 9.
O-O e5 10.dxe5 dxe5 11.a4 b4 12.Na2 a5 13.Nc1 Be6 14.Ncb3 Nbd7 15.Qc2 Ng4 
16.Bxg4 Bxg4 17.c5 Be6 18.Rad1 Qc7 19.Nc4 Bxc4 20.Qxc4 Rfe8 21.Rd6 Bf8 22.
Rd3 Nf6 23.Bg5 Be7 24.Rfd1 Red8 25.Bxf6 Bxf6 26.Kf1 1/2-1/2

[Event "Cerrado II Goi Maila"]
[Site "Donostia"]
[Date "2013.09.22"]
[Round "4.5"]
[White "Ringoir, Tanguy"]
[Black "Aabling-Thomsen, Jakob"]
[Result "1-0"]
[WhiteElo "2490"]
[BlackElo "2380"]

1.d4 Nf6 2.c4 g6 3.Nc3 d5 4.e3 Bg7 5.Qb3 e6 6.Qa3 Nc6 7.Nf3 Ne7 8.Bd3 O-O 
9.O-O dxc4 10.Bxc4 b6 11.e4 Bb7 12.Re1 h6 13.Bf4 g5 14.Bg3 Nh5 15.Rad1 
Nxg3 16.hxg3 c6 17.e5 Qc7 18.Ne4 Rfd8 19.Qb3 Nd5 20.Nd6 Bf8 21.Bxd5 cxd5 
22.Rc1 Qd7 23.Nh2 f5 24.g4 f4 25.Qd3 Kg7 26.Nf3 Bc6 27.Rc3 Bxd6 28.exd6 
Bb5 29.Qc2 Qxd6 30.Ne5 Be8 31.Rc7+ 1-0

[Event "Cerrado II Goi Maila"]
[Site "Donostia"]
[Date "2013.09.20"]
[Round "5.1"]
[White "Aabling-Thomsen, Jakob"]
[Black "Gonzalez, De La Torre Santiago"]
[Result "0-1"]
[WhiteElo "2380"]
[BlackElo "2447"]

1.e4 c5 2.Nf3 e6 3.d3 Nc6 4.g3 d5 5.Qe2 Nge7 6.Bg2 g6 7.O-O Bg7 8.e5 b5 9.
Re1 a5 10.h4 h6 11.Nbd2 O-O 12.Nf1 f5 13.exf6 Rxf6 14.Be3 Qd6 15.Qd2 Kh7 
16.Bf4 Rxf4 17.gxf4 Bd7 18.N1h2 Rf8 19.Ne5 Nxe5 20.fxe5 Bxe5 21.Nf3 Bxb2 
22.Rab1 Bg7 23.Qxa5 Nc6 24.Qa6 b4 25.Re3 Bc3 26.a3 e5 27.axb4 cxb4 28.Nh2 
Bd2 29.Re2 Bf4 30.Nf1 Qf6 31.Rbe1 Bg4 32.f3 Bc8 33.Qb6 Nd4 34.Rf2 Qxb6 0-1

[Event "Cerrado II Goi Maila"]
[Site "Donostia"]
[Date "2013.09.20"]
[Round "5.3"]
[White "Andres, Gonzalez Alberto"]
[Black "Argandona, Riveiro Inigo"]
[Result "0-1"]
[WhiteElo "2531"]
[BlackElo "2375"]

1.d4 d5 2.Nf3 c6 3.c4 e6 4.Qc2 f5 5.Nc3 Nf6 6.Bf4 Be7 7.e3 O-O 8.Be2 Ne4 
9.h4 Nd7 10.g3 Ndf6 11.Ne5 Bd7 12.a3 Be8 13.c5 Nxc3 14.Qxc3 a5 15.b4 b5 
16.f3 a4 17.Nd3 Nd7 18.O-O-O Bf6 19.Rdg1 Bg6 20.Be5 h6 21.Nf4 Bf7 22.g4 
Nxe5 23.dxe5 Bxh4 24.Qd4 fxg4 25.Rxg4 Bg5 26.Ng2 h5 27.Rg3 Bh6 28.f4 Qe8 
29.Nh4 Qe7 30.Nf3 Rfd8 31.Bd3 Kf8 32.Bg6 Bxg6 33.Rxg6 Qf7 34.Qd3 d4 35.
Nxd4 Rxd4 36.exd4 Rd8 37.Rf1 Rxd4 38.Qxd4 Qxg6 39.Qd8+ Kf7 40.Qd7+ Kg8 41.
Qxc6 Qf5 42.Qe8+ Kh7 43.Qxb5 Bxf4+ 44.Kd1 Qb1+ 45.Ke2 Qe4+ 46.Kd1 Qd5+ 47.
Ke2 Qd2+ 0-1

[Event "Cerrado II Goi Maila"]
[Site "Donostia"]
[Date "2013.09.20"]
[Round "5.4"]
[White "Strikovic, Aleksa"]
[Black "Etchegaray, Patrice"]
[Result "1-0"]
[WhiteElo "2537"]
[BlackElo "2396"]

1.d4 Nf6 2.g3 g6 3.Bg2 Bg7 4.e4 d6 5.Nc3 O-O 6.Nge2 e5 7.h3 c6 8.a4 a5 9.
O-O Na6 10.Bg5 Qc7 11.Qd2 Re8 12.Rad1 Nb4 13.Be3 d5 14.exd5 Nbxd5 15.Nxd5 
Nxd5 16.Bh6 Bh8 17.Rfe1 Bd7 18.dxe5 Bxe5 19.c4 Nb6 20.b3 Be6 21.Nd4 Bd7 
22.Nf3 Bg7 23.Bf4 Rxe1+ 24.Nxe1 Qc8 25.Be3 c5 26.Qd6 Bc6 27.Bxc6 Bf8 28.
Bxb7 Qxb7 29.Qf4 Re8 30.Qf3 Qc8 31.Nd3 Nd7 32.Bd2 Qa6 33.Bc3 Qb6 34.Nf4 
Ne5 35.Bxe5 Rxe5 36.Rd7 Re1+ 37.Kg2 Qf6 38.Qd5 Bh6 39.Nd3 Rd1 40.Qa8+ Kg7 
41.Nxc5 Rb1 42.Qd5 Be3 43.Ne4 Qf5 44.Qxf5 gxf5 45.Nd6 Bc5 46.Nxf5+ Kf6 47.
Rd5 1-0

[Event "Cerrado II Goi Maila"]
[Site "Donostia"]
[Date "2013.09.20"]
[Round "5.5"]
[White "Hoffman, Alejandro"]
[Black "Franco, Alonso Alejandro"]
[Result "0-1"]
[WhiteElo "2452"]
[BlackElo "2487"]

1.d4 Nf6 2.Nf3 e6 3.c4 b6 4.Nc3 Bb4 5.e3 Ne4 6.Qc2 Bb7 7.Bd3 f5 8.O-O Bxc3
9.bxc3 O-O 10.Ne1 c5 11.f3 Nd6 12.Ba3 Na6 13.e4 fxe4 14.fxe4 Rxf1+ 15.Kxf1
e5 16.d5 Nc7 17.Nf3 Qe7 18.Bc1 Rf8 19.Kg1 h6 20.Be3 Ba6 21.Qe2 Nce8 22.Nd2
Nb7 23.Nb3 Nf6 24.a4 Na5 25.Nxa5 bxa5 26.Rb1 d6 27.h3 Nd7 28.Kh2 Nb6 29.
Rg1 Qf7 30.Ra1 Kh7 31.Rb1 Qe8 32.Ra1 Bc8 33.Bc2 Bd7 34.Bc1 Bxa4 35.Bxa4 
Nxa4 36.Qc2 Nb6 37.Rxa5 Qf7 38.Ra1 Qf1 39.Ra2 Nxc4 40.Qa4 Qxc1 41.Qxc4 Rf1
0-1

[Event "Cerrado II Goi Maila"]
[Site "Donostia"]
[Date "2013.09.20"]
[Round "6.1"]
[White "Gonzalez, De La Torre Santiago"]
[Black "Franco, Alonso Alejandro"]
[Result "1-0"]
[WhiteElo "2447"]
[BlackElo "2487"]

1.e4 c6 2.d4 d5 3.Nc3 dxe4 4.Nxe4 Bf5 5.Ng3 Bg6 6.h4 h6 7.Nf3 Nd7 8.h5 Bh7
9.Bd3 Bxd3 10.Qxd3 e6 11.Bd2 Ngf6 12.O-O-O Qc7 13.Qe2 O-O-O 14.Ne5 Nxe5 
15.dxe5 Nd7 16.f4 Be7 17.Qg4 Rhg8 18.Rhf1 g5 19.hxg6 Rxg6 20.Qh3 Rdg8 21.
Be1 Rg4 22.Qh5 R8g7 23.Qxh6 Rxg3 24.Bxg3 Rxg3 25.Qh7 Bd8 26.Qxf7 Nc5 27.
Qf8 b6 28.Qe8 Qe7 29.Qxc6+ Bc7 30.Rd6 Kb8 31.Rd4 Rg8 32.b4 Na6 33.a3 Rc8 
34.Rd7 Qf8 35.g3 Qg8 36.Rf3 Rd8 37.Rxd8+ Qxd8 38.Rd3 Qg8 39.Kb1 1-0

[Event "Cerrado II Goi Maila"]
[Site "Donostia"]
[Date "2013.09.20"]
[Round "6.3"]
[White "Argandona, Riveiro Inigo"]
[Black "Strikovic, Aleksa"]
[Result "1/2-1/2"]
[WhiteElo "2375"]
[BlackElo "2537"]

1.e4 d6 2.d4 Nf6 3.Bd3 e5 4.c3 Nc6 5.Nf3 g6 6.O-O Bg7 7.d5 Ne7 8.c4 O-O 9.
Nc3 Nd7 10.Be3 f5 11.Ng5 Nf6 12.f3 h6 13.Ne6 Bxe6 14.dxe6 c6 15.exf5 gxf5 
16.Bc2 Ne8 17.Qd2 Nc7 18.Rad1 Rf6 1/2-1/2

[Event "Cerrado II Goi Maila"]
[Site "Donostia"]
[Date "2013.09.20"]
[Round "6.4"]
[White "Ringoir, Tanguy"]
[Black "Andres, Gonzalez Alberto"]
[Result "1-0"]
[WhiteElo "2490"]
[BlackElo "2531"]

1.d4 Nf6 2.c4 e6 3.Nc3 Bb4 4.e3 c5 5.Ne2 cxd4 6.exd4 d5 7.a3 Bxc3+ 8.Nxc3 
dxc4 9.Bxc4 O-O 10.O-O Nc6 11.Be3 b6 12.Qf3 Bb7 13.Bd3 Qd7 14.Qh3 Nxd4 15.
Rad1 Rfd8 16.Bb5 Nxb5 17.Rxd7 Rxd7 18.Nxb5 Ba6 19.a4 Rc8 20.Qf3 Rc2 21.Rc1
1-0

[Event "Cerrado II Goi Maila"]
[Site "Donostia"]
[Date "2013.09.20"]
[Round "6.5"]
[White "Aabling-Thomsen, Jakob"]
[Black "Paunovic, Dragan"]
[Result "0-1"]
[WhiteElo "2380"]
[BlackElo "2494"]

1.d4 d6 2.e4 Nf6 3.Nc3 e5 4.Nf3 Nbd7 5.g4 Nxg4 6.Rg1 Ngf6 7.Bc4 exd4 8.
Qxd4 c6 9.Bf4 Qb6 10.Qd2 Qb4 11.Bb3 Nc5 12.O-O-O Nxb3+ 13.axb3 Be6 14.Qe3 
Nh5 15.Bg5 h6 16.Bh4 g5 17.Bg3 Nxg3 18.hxg3 Qb6 19.Nd4 O-O-O 20.Rd3 Be7 
21.Kb1 Kb8 22.Na4 Qc7 23.c4 Bf6 24.Nc3 Rhe8 25.Rgd1 Bg4 26.f3 Bc8 27.Qd2 
Be5 28.Nde2 Be6 29.Rh1 Bg7 30.Rd1 f5 31.Nd4 Bxd4 32.Rxd4 fxe4 33.fxe4 Bg4 
34.Rf1 Qe7 35.Ka2 h5 36.Rf2 Rh8 37.Qe3 Qe5 38.Rdd2 h4 39.gxh4 gxh4 40.Rh2 
h3 41.Rdf2 Rhf8 42.Qh6 Rxf2 43.Rxf2 Rh8 44.Qc1 h2 45.Qh1 Qg3 46.Qf1 Qxf2 
47.Qxf2 h1=Q 0-1

[Event "Cerrado II Goi Maila"]
[Site "Donostia"]
[Date "2013.09.20"]
[Round "7.1"]
[White "Paunovic, Dragan"]
[Black "Gonzalez, De La Torre Santiago"]
[Result "1-0"]
[WhiteElo "2494"]
[BlackElo "2447"]

1.Nf3 d5 2.g3 Nc6 3.Bg2 e5 4.d3 f6 5.c3 Be6 6.O-O Nge7 7.Nbd2 Qd7 8.b4 a5 
9.b5 Nd8 10.a4 Nc8 11.e4 c6 12.d4 Nf7 13.bxc6 bxc6 14.exd5 cxd5 15.dxe5 
fxe5 16.c4 dxc4 17.Bb2 Bb4 18.Nxe5 Nxe5 19.Bxe5 Ra7 20.Ne4 h6 21.Qf3 Qf7 
22.Qe3 Re7 23.f4 O-O 24.Rfd1 Ree8 25.h3 Rd8 26.Kh2 Qh5 27.Nf2 Qf7 28.Ne4 
Qh5 29.Nf2 Qg6 30.Ne4 Ne7 31.g4 Bd5 32.Rd4 Qb6 33.Qg3 Bc6 34.Rxc4 Qa6 35.
Rac1 Bxa4 36.Nc5 Bxc5 37.Rxa4 Rd3 38.Qe1 Bb4 39.Qxb4 Rxh3+ 40.Kg1 axb4 41.
Rxa6 Rg3 42.Ra7 Rf7 43.Rcc7 1-0

[Event "Cerrado II Goi Maila"]
[Site "Donostia"]
[Date "2013.09.20"]
[Round "7.2"]
[White "Andres, Gonzalez Alberto"]
[Black "Aabling-Thomsen, Jakob"]
[Result "0-1"]
[WhiteElo "2531"]
[BlackElo "2380"]

1.Nf3 Nf6 2.c4 g6 3.g3 c6 4.Bg2 d5 5.Qb3 Bg7 6.O-O O-O 7.d4 Qb6 8.Nc3 Rd8 
9.c5 Qxb3 10.axb3 Na6 11.Bf4 Nd7 12.Rfd1 Re8 13.e3 Naxc5 14.dxc5 e5 15.b4 
exf4 16.gxf4 a6 17.Nd4 Rb8 18.e4 dxe4 19.Nxe4 Nf8 20.Nd6 Re7 21.Ra3 Bxd4 
22.Rxd4 Re1+ 23.Bf1 Be6 24.Re3 Rb1 25.Rd2 Bd5 26.f5 gxf5 27.Rg3+ Ng6 28.
Nxf5 Kf8 29.Ne3 Be6 30.Nd1 Re8 31.Re3 Nf4 32.f3 Nd5 33.Re4 Bf5 34.Red4 Ne3
35.Be2 Nc2 36.Rd8 Nxb4 37.Kf2 Nd5 38.Rxe8+ Kxe8 39.Bc4 Rc1 40.Bxd5 cxd5 
41.Nc3 d4 42.Rxd4 Rc2+ 43.Ke3 Rxb2 44.Kf4 Be6 45.h4 h6 46.Ne4 Ke7 47.Nd6 
Rb3 48.Ke4 Bd7 49.Ke5 Rxf3 50.Nxb7 Bc6 0-1

[Event "Cerrado II Goi Maila"]
[Site "Donostia"]
[Date "2013.09.20"]
[Round "7.4"]
[White "Hoffman, Alejandro"]
[Black "Argandona, Riveiro Inigo"]
[Result "1/2-1/2"]
[WhiteElo "2452"]
[BlackElo "2375"]

1.d4 Nf6 2.Nf3 d5 3.c4 e6 4.e3 c5 5.Nc3 Nc6 6.a3 a6 7.cxd5 exd5 8.Be2 cxd4
9.Nxd4 Bc5 10.O-O O-O 11.Qd3 Qe7 12.Bd2 Ne5 13.Qc2 Ng6 14.Rad1 Nh4 15.Bc1 
Bd6 16.g3 Ng6 17.Nf5 Bxf5 18.Qxf5 Qe6 1/2-1/2

[Event "Cerrado II Goi Maila"]
[Site "Donostia"]
[Date "2013.09.20"]
[Round "7.5"]
[White "Franco, Alonso Alejandro"]
[Black "Etchegaray, Patrice"]
[Result "1-0"]
[WhiteElo "2487"]
[BlackElo "2396"]

1.d4 Nf6 2.c4 c5 3.d5 e6 4.Nc3 exd5 5.cxd5 d6 6.Nf3 g6 7.Qa4+ Bd7 8.Qb3 
Qc7 9.e4 Bg7 10.Bd3 O-O 11.O-O Na6 12.Re1 Rac8 13.Bc4 Ng4 14.Bf4 Bd4 15.
Bg3 Ne5 16.Nxe5 dxe5 17.Ne2 Bg4 18.Nxd4 cxd4 19.Rac1 Nc5 20.Qa3 Qd6 21.Bf1
b6 22.b4 Nd7 23.f3 Bh5 24.Bb5 Nb8 25.Rxc8 Rxc8 26.Rc1 Rc7 27.Rd1 f5 28.Rc1
f4 29.Bh4 Kg7 30.Rxc7+ Qxc7 31.d6 Qxd6 32.Qxa7+ Kh6 33.Be7 Nc6 34.Bxd6 
Nxa7 35.Bd7 g5 36.Bb8 1-0